000 00714nam a2200241Ia 4500
003 OSt
005 20221005050550.0
006 a|||||r|||| 00| 0
007 ta
008 221004b |||||||| |||| 00| 0 urd d
020 _c160
024 _a33161
037 _b3380, 25/03/2010, Educational Publishing House
_cTextual
040 _aCRL
_cCRL
_burd
041 _2urd
_aurd
082 _aP168:3, K9
100 _aMeer Walid Au.
_9594900
245 0 _aSheri lisaniyat
260 _aLahore
_bKitabiyat Pakistan
_c1969
650 _aURDU LANGUAGE - GRAMMAR
942 _hP168:3, K9
_cTEXL
_2cc
999 _c957293
_d957293